000 005160000a22001570004500
003 MACL
005 20171210125622.0
008 171210b xxu||||| |||| 00| 0 eng d
040 _cMACL
100 _aवर्मा,केशवचन्‍द्र
_969632
245 _aपुराण गाथा एवं प्रतीेक कोश
260 _bविध्‍या प्रकाशन
_c2001
_aदिल्‍ली
350 _a225
650 _aधर्म
_969633
942 _cHIN
_k294
_2ddc
999 _c18046
_d18046